MLB Top 3 Strikeout Leaders For Each Team - Statistics

General Stats
  • This quiz has been taken 31 times
  • The average score is 34 of 90
Answer Stats
Team K's Pitcher % Correct
Arizona Diamondbacks 2,077 Randy Johnson
89%
Seattle Mariners 2,162 Randy Johnson
89%
Minnesota Twins 3,509 Walter Johnson
85%
Los Angeles Dodgers 2,968 Clayton Kershaw
81%
Atlanta Braves 3,011 John Smoltz
78%
Detroit Tigers 2,373 Justin Verlander
78%
Atlanta Braves 2,091 Tom Glavine
78%
Baltimore Orioles 2,212 Jim Palmer
70%
Washington Nationals 1,610 Max Scherzer
70%
Houston Astros 1,866 Nolan Ryan
70%
Los Angeles Angels 2,416 Nolan Ryan
70%
Boston Red Sox 1,683 Pedro Martinez
70%
Boston Red Sox 2,590 Roger Clemens
70%
Philadelphia Phillies 3,031 Steve Carlton
70%
New York Yankees 1,956 Whitey Ford
70%
New York Mets 2,541 Tom Seaver
67%
St. Louis Cardinals 3,117 Bob Gibson
63%
Seattle Mariners 2,524 Felix Hernandez
63%
San Francisco Giants 2,504 Christy Mathewson
59%
New York Yankees 2,020 Andy Pettitte
56%
Cleveland Indians 2,581 Bob Feller
56%
San Francisco Giants 2,281 Juan Marichal
56%
New York Mets 1,875 Dwight Gooden
52%
Toronto Blue Jays 1,495 Roy Halladay
52%
St. Louis Cardinals 2,202 Adam Wainwright
48%
Los Angeles Dodgers 2,486 Don Drysdale
48%
Chicago Cubs 2,038 Fergie Jenkins
48%
Chicago Cubs 1,470 Kerry Wood
48%
Atlanta Braves 2,912 Phil Niekro
48%
Washington Nationals 1,723 Stephen Strasburg
48%
Minnesota Twins 2,035 Bert Blyleven
44%
Los Angeles Dodgers 2,696 Don Sutton
44%
Arizona Diamondbacks 1,065 Brandon Webb
41%
Philadelphia Phillies 1,844 Cole Hamels
41%
Toronto Blue Jays 1,658 Dave Stieb
41%
Tampa Bay Rays 1,065 David Price
41%
Seattle Mariners 1,239 Jamie Moyer
41%
Baltimore Orioles 1,535 Mike Mussina
41%
New York Yankees 1,778 Ron Guidry
41%
Miami Marlins 757 Dontrelle Willis
37%
San Diego Padres 1,348 Jake Peavy
37%
Houston Astros 1,593 Roy Oswalt
37%
Boston Red Sox 2,046 Tim Wakefield
37%
Detroit Tigers 1,980 Jack Morris
33%
Tampa Bay Rays 1,250 James Shields
33%
Los Angeles Angels 1,598 Jered Weaver
33%
Texas Rangers 1,201 Kenny Rogers
33%
Detroit Tigers 2,679 Mickey Lolich
33%
Cleveland Indians 1,461 Corey Kluber
30%
St. Louis Cardinals 1,095 Dizzy Dean
30%
Oakland Athletics 1,985 Eddie Plank
30%
Colorado Rockies 986 German Marquez
30%
Cleveland Indians 2,159 Sam McDowell
30%
Washington Nationals 1,621 Steven Rogers
30%
Milwaukee Brewers 1,206 Ben Sheets
26%
Tampa Bay Rays 1,167 Chris Archer
26%
Los Angeles Angels 2,151 Chuck Finley
26%
Houston Astros 1,493 J.R. Richard
26%
Kansas City Royals 1,458 Kevin Appier
26%
Milwaukee Brewers 1,081 Teddy Higuera
26%
Miami Marlins 753 A.J. Burnett
22%
New York Mets 1,799 Jerry Koosman
22%
San Diego Padres 1,029 Trevor Hoffman
22%
Texas Rangers 1,405 Bobby Witt
19%
Texas Rangers 1,452 Charlie Hough
19%
Baltimore Orioles 1,476 Dave McNally
19%
Kansas City Royals 1,323 Dennis Leonard
19%
Chicago White Sox 1,732 Ed Walsh
19%
Colorado Rockies 849 Jon Gray
19%
Colorado Rockies 985 Jorge De La Rosa
19%
Arizona Diamondbacks 998 Robbie Ray
19%
Philadelphia Phillies 1,871 Robin Roberts
19%
Oakland Athletics 1,576 Rube Waddell
19%
Chicago White Sox 1,796 Billy Pierce
15%
Chicago Cubs 1,542 Carlos Zambrano
15%
Cincinnati Reds 1,449 Mario Soto
15%
San Diego Padres 1,036 Andy Benes
11%
Pittsburgh Pirates 1,682 Bob Friend
11%
Kansas City Royals 1,366 Mark Gubicza
11%
Miami Marlins 786 Ricky Nolasco
11%
Milwaukee Brewers 1,226 Yovani Gallardo
11%
Minnesota Twins 1,885 Camilo Pascual
7%
Oakland Athletics 1,536 Charles Bender
7%
Toronto Blue Jays 1,237 Jim Clancy
7%
San Francisco Giants 1,835 Amos Rusie
4%
Pittsburgh Pirates 1,652 Bob Veale
4%
Cincinnati Reds 1,592 Jim Maloney
4%
Cincinnati Reds 1,289 Joe Nuxhall
4%
Chicago White Sox 1,471 Red Faber
4%
Pittsburgh Pirates 1,191 Wilbur Cooper
4%
No matching quizzes found
Score Distribution
Percent of People with Each Score
Percentile by Number Answered
Your Score History
You have not taken this quiz